000 00321nam a22001457a 4500
008 210528b ||||| |||| 00| 0 eng d
020 _a9780393020397
041 _aeng
080 _a336
082 _a336
100 _a56
101 _aFIN
245 _aThe Annotated Huckleberry Finn
_cMark Twain
942 _2udc
_cBK
999 _c57764
_d57764